Seguridad humana y desarrollo regional en Bogotá Cundinamarca (Registro nro. 127223)

Detalles MARC
000 -CABECERA
campo de control de longitud fija 00877nam a2200229Ia 4500
001 - NÚMERO DE CONTROL
campo de control 127223
003 - IDENTIFICADOR DEL NÚMERO DE CONTROL
campo de control 218528
005 - FECHA Y HORA DE LA ÚLTIMA TRANSACCIÓN
campo de control 20241120182937.0
008 - DATOS DE LONGITUD FIJA--INFORMACIÓN GENERAL
campo de control de longitud fija ||||||n9999 ||| || ||
082 ## - NÚMERO DE LA CLASIFICACIÓN DECIMAL DEWEY
Número de clasificación 309.26
100 ## - ENTRADA PRINCIPAL--NOMBRE DE PERSONA
Nombre de persona Piñeros, William
9 (RLIN) 153130
245 #0 - MENCIÓN DE TÍTULO
Título Seguridad humana y desarrollo regional en Bogotá Cundinamarca
Mención de responsabilidad, etc. dirección y edición general Claudia Hoshino ; coordinación del proyecto y elaboración de textos William Piñeros, Andrea Lampis
562 ## - NOTA DE IDENTIFICACIÓN DE LA COPIA Y VERSIÓN
Número de copias 1
526 ## - NOTA DE INFORMACIÓN SOBRE EL PROGRAMA DE ESTUDIO
Nombre del programa 10406 - ESPECIALIZACIÓN EN GESTIÓN Y PLANIFICACIÓN DEL DESARROLLO URBANO Y REGIONAL - A distancia
650 ## - PUNTO DE ACCESO ADICIONAL DE MATERIA--TÉRMINO DE MATERIA
Término de materia o nombre geográfico como elemento de entrada CUNDINAMARCA (COLOMBIA)--CONDICIONES SOCIALES
9 (RLIN) 153131
650 ## - PUNTO DE ACCESO ADICIONAL DE MATERIA--TÉRMINO DE MATERIA
Término de materia o nombre geográfico como elemento de entrada DESARROLLO REGIONAL--CUNDINAMARCA (COLOMBIA)
9 (RLIN) 153132
650 ## - PUNTO DE ACCESO ADICIONAL DE MATERIA--TÉRMINO DE MATERIA
Término de materia o nombre geográfico como elemento de entrada DESARROLLO SOCIAL--CUNDINAMARCA (COLOMBIA)
9 (RLIN) 153133
650 #0 - PUNTO DE ACCESO ADICIONAL DE MATERIA--TÉRMINO DE MATERIA
Término de materia o nombre geográfico como elemento de entrada Migración interna
9 (RLIN) 2548
650 ## - PUNTO DE ACCESO ADICIONAL DE MATERIA--TÉRMINO DE MATERIA
Término de materia o nombre geográfico como elemento de entrada PLANIFICACIÓN REGIONAL--CUNDINAMARCA (COLOMBIA)
9 (RLIN) 153135
651 #0 - PUNTO DE ACCESO ADICIONAL DE MATERIA--NOMBRE GEOGRÁFICO
Nombre geográfico Bogotá (Colombia)
9 (RLIN) 20469
942 ## - ELEMENTOS DE PUNTO DE ACCESO ADICIONAL (KOHA)
Tipo de ítem Koha Libro
Existencias
Estado de retiro Estado de pérdida Estado dañado No para préstamo Código de colección Localización permanente Ubicación/localización actual Coste, precio normal de compra Total de préstamos Signatura topográfica completa Código de barras Número de copia Tipo de ítem Koha
        General Fusagasugá - Sede Cundinamarca Fusagasugá - Sede Cundinamarca 0.00   309.26 P45s CUN2148 1 Libro